| 000 | 01315nam0a2200349 4500 | ||
|---|---|---|---|
| 001 | RU\NLR\bibl\467008 | ||
| 005 | 20250623185319.0 | ||
| 010 |
_a5-94723-501-3 _92000 |
||
| 021 |
_aRU _b2003-56793 _92772 |
||
| 035 | _a(NLR Aleph) 000460344 | ||
| 090 |
_a929873 _c929873 |
||
| 100 | _a20031201d2003 |||y0rusy50 ca | ||
| 101 | 0 | _arus | |
| 102 | _aRU | ||
| 105 | _aa ||||||||| | ||
| 200 | 1 |
_aИнформационные технологии в медико-биологических исследованиях _fВячеслав Дюк, Владимир Эмануэль |
|
| 210 |
_aСПб. и др. _cПитер _d2003 |
||
| 215 |
_a528 с. _cил. _d24 |
||
| 320 | _aБиблиогр.: с. 528 (17 назв.) | ||
| 606 | 1 |
_aМедицина _xИнформационные технологии _92107439 _3RU\NLR\auth\661577529 |
|
| 606 | 1 |
_aБиология _xИнформационные технологии _92107561 _3RU\NLR\AUTH\661577594 |
|
| 686 | _aЕ.с51 | ||
| 686 | _aР.c51 | ||
| 700 | 1 |
_aДюк _bВ. А. _gВячеслав Анатольевич _4070 |
|
| 701 | 1 |
_aЭмануэль _bВ. _gВладимир _4070 |
|
| 801 | 0 |
_aRU _bNLR _c20031201 _gPSBO |
|
| 801 | 1 |
_aRU _bNLR _c20031201 |
|
| 830 | _a1-й авт. по ЭК | ||
| 942 | _cBOOK | ||
| 980 | _aNB | ||